name the air jordan 3 - Statistics

General Stats
  • This quiz has been taken 9 times
  • The average score is 12 of 16
Answer Stats
Picture Answer % Correct
black cat
100%
black cement
100%
fire red
100%
white cement
100%
pine green
86%
cool grey
71%
mocha
71%
pure money
71%
red cement / unite
71%
true blue
71%
dark iris
57%
fear
57%
j balvin / rio
57%
laser orange
57%
palomino
57%
varsity royal
57%
No matching quizzes found
Score Distribution
Percent of People with Each Score
Percentile by Number Answered
Your Score History
You have not taken this quiz